Star Trek Characters by Appearances Quiz Stats

 Plays Quiz Updated May 21, 2013

Also try: Star Trek Casts
Challenge
Share
Tweet
Embed
Score 0/136 Timer 15:00
0 Plays Today
# Character % Correct
109James T. Kirk
93.5%
112Spock
93.5%
182Jean-Luc Picard
90.6%
273Worf
84.1%
180Data
82.8%
103Leonard McCoy
78.3%
182William Riker
77.7%
94Montgomery Scott
75.9%
68Wesley Crusher
75.3%
154Beverly Crusher
74.8%
78Hikaru Sulu
74.6%
174Deanna Troi
72.1%
95Uhura
71.6%
170Kathryn Janeway
71%
175Geordi LaForge
68.4%
12Q
68.1%
44Pavel Chekov
67.9%
211Miles O'Brien
66.9%
9Lwaxana Troi
63.3%
85Jake Sisko
62.9%
173Benjamin Sisko
62.9%
27Keiko O'Brien
59.3%
100Seven of Nine
59.2%
167Odo
58%
154Quark
57.3%
14Molly O'Brien
57.2%
5Kirayoshi O'Brien
54%
164The Doctor
53.6%
146Jadzia Dax
53.5%
169Tom Paris
53.4%
25Ezri Dax
53.1%
169Chakotay
52.8%
6Joseph Sisko
52.7%
97Jonathan Archer
52.4%
5Sarah Sisko
52.1%
169Kira Nerys
51.5%
168Tuvok
51.5%
5Kira Nerys (mirror)
51.3%
161Neelix
51.2%
166Harry Kim
49.5%
164B'Elanna Torres
49.2%
165Julian Bashir
48.3%
8Ro Laren
47.8%
71Kes
45.2%
28Tasha Yar
44.3%
36Christine Chapel
42.6%
# Character % Correct
30Guinan
39.8%
96T'Pol
38.9%
44Nog
38.1%
35Dukat
38%
33Rom
37.7%
96Charles Tucker III
37.1%
12Reginald Barclay
36.1%
8Sarek
35.2%
22Katherine Pulaski
34%
33Elim Garak
30.2%
94Malcolm Reed
29.4%
89Phlox
29.1%
96Hoshi Sato
28.3%
11Gowron
28%
6Owen Paris
27.7%
93Travis Mayweather
26.5%
15Weyoun 5
24.9%
11Alexander Rozhenko
24.8%
5Weyoun 8
24.7%
13Janice Rand
24.4%
94Morn
24.3%
22Martok
24.2%
14Winn Adami
22.6%
13Seska
22%
8Daniels
21.3%
23Damar
21%
7Zek
20.2%
15Female Changeling
19.9%
20Naomi Wildman
19.7%
16Leeta
19.6%
8Samantha Wildman
18.7%
8Brunt
16.7%
5Kor
16.5%
12William Ross
15.7%
8Bareil Antos
15.5%
18Alyssa Ogawa
14.1%
6T'Pau
13.7%
15Kasidy Yates
13.6%
9Michael Eddington
13.6%
10Thy'lek Shran
13.2%
11Icheb
13%
15Maxwell Forrest
12.5%
116Ayala
12.4%
11Vic Fontaine
12.3%
5Ishka
11.2%
6Evek
11%
# Character % Correct
9Tora Ziyal
10%
8Vorik
9.4%
18Kyle
9.1%
11Soval
8.7%
7Joseph Carey
8.5%
6Alynna Nechayev
8.2%
58Leslie
7.7%
7Silik
7.3%
10Degra
6.8%
68Broik
6.2%
5J. Haye
6.2%
6Michael Jonas
6.1%
6Homn
5.8%
7Hogan
5.8%
5Julian Bashir (changeling)
5.7%
6M'Ress
5.4%
19Arex
5.4%
35Gates
5%
5Future Guy
4.9%
36Diana Giddings
4.7%
61Jae
4.7%
20M'Pella
4.5%
5Williams
4.4%
30Brent
4.4%
7Maihar'du
4.3%
7Ensign Kelly
4%
7Corporal Kelly
4%
6Azan
4%
5Mezoti
4%
62Hadley
3.9%
66Darien Wallace
3.9%
6Rebi
3.7%
44Bennett
3.6%
9S. Money
3.4%
8Dolim
3.3%
9Xindi-Primate councilor
3.3%
9Galloway
3.2%
5Xindi-Insectoid councilor
3.2%
17Ashmore
3.1%
10Jannar
3%
34Lemli
3%
7Richards
2.7%
6W. Woods
2.4%
6Kiaphet Amman'sor
1.5%

You're not logged in!

Compare scores with friends on all Sporcle quizzes.
Join for Free
OR
Log In

You Might Also Like...

Show Comments

Extras

Top Quizzes Today


Score Distribution

Your Account Isn't Verified!

In order to create a playlist on Sporcle, you need to verify the email address you used during registration. Go to your Sporcle Settings to finish the process.

Report this User

Report this user for behavior that violates our Community Guidelines.

Details: